000 00649cam a22002291 4500
001 sa 66001697
003 DLC
005 20260227112223.0
008 900105s1965 ii b 000 0 hino
010 _asa 66001697
035 _a(OCoLC)20851250
040 _aDLC
_cWaU
_dDLC
050 0 0 _aBL1270.G4
_bS54
100 1 _aSharma, Ram Nath,
_d1931-
245 1 0 _aŚrī Aravinda kā sarvāṅga darśana.
260 _c[1965]
300 _aiii, xx, 189, ii p.
_c23 cm.
500 _aIn Hindi.
504 _aList of the author's works: p. [i]-ii (last group)
504 _aBibliography: p. [181]-[184]
600 1 0 _aGhose, Aurobindo,
_d1872-1950.
999 _c67926
_d67926